00510nam a22001577a 450000500170000000800420001702000150005905000220007410000220009624500730011825000110019126000400020230000280024250400370027065000450030720180806113622.0a080404s1981 sp a 000 0 spa u a843291117904aTL233.2bG83 19811 aGuadilla, Antonio1 aTractores :bMecanica reparación mantenimiento/cAntonio Guadilla. a1a ed. aBarcelona, España :bCEAC, c1981 a708 p. :bil. ;c24 cm. aIncluye bibliografias e índice 4aTractores xReparacíon y Mantenimiento